A dictionary of practical materia medica
Αποθηκεύτηκε σε:
| Κύριος συγγραφέας: | |
|---|---|
| Μορφή: | Βιβλίο |
| Γλώσσα: | English |
| Δημοσίευση: |
New Delhi :
B.Jain Publishers,
2006
|
| Θέματα: | |
| Ετικέτες: |
Προσθήκη ετικέτας
Δεν υπάρχουν, Καταχωρήστε ετικέτα πρώτοι!
|
MARC
| LEADER | 00000cam a2200000 i 4500 | ||
|---|---|---|---|
| 001 | 1/71064 | ||
| 008 | 080117s2006 eng d | ||
| 020 | |a 81-7021-013-5 | ||
| 035 | |l 10093822 | ||
| 040 | |a GR-MY-UA |b gre |e aacr | ||
| 041 | 0 | |a eng | |
| 082 | 0 | |a 615.532 |2 (22) | |
| 100 | 1 | |a Clarke, John Henry, |d 1852-1931. | |
| 245 | 1 | 2 | |a A dictionary of practical materia medica / |c by John Henry Clarke |
| 260 | |a New Delhi : |b B.Jain Publishers, |c 2006 | ||
| 300 | |a 3 τ.; |c 22 εκ. | ||
| 650 | 0 | 0 | |a Homeopathy |x Materia medica and therapeutics. |
| 650 | 0 | 0 | |a Homeopathy |x Dictionaries. |
| 852 | |a INST |b SYROS |e 20080118 |h 615.532 CLA |p 005500006713 |q 005500006713 |t BK |y 0 |z τ.1 | ||
| 852 | |a INST |b SYROS |e 20080117 |h 615.532 CLA |p 005500006714 |q 005500006714 |t BK |y 0 |z τ.2 | ||
| 852 | |a INST |b SYROS |e 20080117 |h 615.532 CLA |p 005500006715 |q 005500006715 |t BK |y 0 |z τ.3 | ||
| 852 | |a INST |b SYROS |e 20080117 |h 615.532 CLA |p 005500006723 |q 005500006723 |t BK |y 0 |z τ.3 | ||
| 852 | |a INST |b SYROS |e 20080117 |h 615.532 CLA |p 005500007165 |q 005500007165 |t BK |y 0 |z τ.2 | ||
| 852 | |a INST |b SYROS |e 20080118 |h 615.532 CLA |p 005500007166 |q 005500007166 |t BK |y 0 |z τ.1 | ||
| 852 | |a INST |b SYROS |e 20080118 |h 615.532 CLA |p 005500006713 |q 005500006713 |t BK |v τ.1: |y 0 |z τ.1 | ||
| 852 | |a INST |b SYROS |e 20080117 |h 615.532 CLA |p 005500006714 |q 005500006714 |t BK |v τ.2: |y 0 |z τ.2 | ||
| 852 | |a INST |b SYROS |e 20080117 |h 615.532 CLA |p 005500006715 |q 005500006715 |t BK |v τ.3: |y 0 |z τ.3 | ||
| 852 | |a INST |b SYROS |e 20080117 |h 615.532 CLA |p 005500006723 |q 005500006723 |t BK |v τ.3: |y 0 |z τ.3 | ||
| 852 | |a INST |b SYROS |e 20080117 |h 615.532 CLA |p 005500007165 |q 005500007165 |t BK |v τ.2: |y 0 |z τ.2 | ||
| 852 | |a INST |b SYROS |e 20080118 |h 615.532 CLA |p 005500007166 |q 005500007166 |t BK |v τ.1: |y 0 |z τ.1 | ||
| 853 | |a INST |b SYROS |h 615.532 CLA | ||
| 901 | |a BIBL5-2008-1 | ||
| 909 | |a Ε |b 133363 | ||
| 909 | |a E |b 133364 | ||
| 909 | |a E |b 133365 | ||
| 909 | |a E |b 133366 | ||
| 909 | |a E |b 133367 | ||
| 909 | |a E |b 133368 | ||
| 970 | |a ΤΣΟΥΚΑΛΑ |b ΑΛΙΚΗ |z 2008/01/17 | ||